000 00400pab a2200169 454500
008 180718b2009 xxu||||| |||| 00| 0 eng d
100 _aSubramanyam, I.
245 _aState, human rights and globalization
260 _c2009
300 _ap.39-53.
362 _aJul-Dec
650 _aGlobalization
650 _aHuman rights
773 _aAdministrative Change
908 _aN
909 _a84162
999 _c84162
_d84162